El Deslinde de los bienes de la administración / Víctor Mendoza Oliván ; prólogo de Aurelio Guaita Martorell
Descripción Física:
324 p. ; 22 cm
Colección:
Biblioteca Tecnos de estudios jurídicos
Otros Autores:
Guaita Martorell, Aurelio
MARC
| LEADER | 00000nam a2200000Ia 4500 | ||
|---|---|---|---|
| 001 | 18317 | ||
| 008 | 160829s1968 xx 000 0 cat d | ||
| 080 | |a M-5-284 | ||
| 100 | |a Mendoza Oliván, Víctor |9 27934 | ||
| 245 | |a El Deslinde de los bienes de la administración / Víctor Mendoza Oliván ; prólogo de Aurelio Guaita Martorell | ||
| 260 | |a Madrid : |b Tecnos, |c 1968 | ||
| 300 | |a 324 p. ; |c 22 cm | ||
| 490 | |a Biblioteca Tecnos de estudios jurídicos | ||
| 650 | |a Termenals |x Espanya |9 27935 | ||
| 650 | |a Béns públics |9 46053 | ||
| 650 | 0 | |a Dret administratiu |z Espanya |9 23238 | |
| 650 | 0 | |a Administració pública |z Espanya |9 19075 | |
| 700 | 1 | |a Guaita Martorell, Aurelio |9 27937 | |
| 901 | |a Arxiu | ||
| 942 | |n 1 | ||
| 952 | |0 0 |1 0 |4 0 |6 M5284 |7 1 |9 44607 |a Arxiu |b Arxiu |d 2016-12-01 |l 0 |o M-5-284 |p 18317 |r 2016-12-01 00:00:00 |w 2016-12-01 |y ARXIU | ||
| 999 | |c 47188 |d 47188 | ||